Administración de operaciones: toma de decisiones en la función de operaciones.

Bibliographic Details
Main Author: Schroeder, Roger G.
Format: Libro
Language:English
Published: México McGraw-Hill 1992
Edition:3»ed.
Subjects:
Online Access:

MARC

LEADER 00000cam a2200000 a 4500
001 019071
003 UAHC_CL
005 20170803121717.0
008 020524b xx j 000 1 eng
020 |a 0070556180 
040 |a UAHC_CL  |c UAHC_CL  |d UAHC_CL 
100 1 |a Schroeder, Roger G. 
245 1 0 |a Administración de operaciones: toma de decisiones en la función de operaciones. 
250 |a 3»ed. 
260 |a México  |c 1992  |b McGraw-Hill 
300 |a 855 p. 
650 4 |a ADMINISTRACION  |x ADMINISTRACION DE EMPRESAS 
653 |a MAGISTER EN GERENCIA PUBLICA 
900 |a 658.403 SCH 
942 |c BK 
952 |0 0  |1 0  |4 0  |6 658_403000000000000_SCH  |7 0  |8 General  |9 38231  |a BC  |b BC  |c General  |d 2017-08-03  |l 0  |o 658.403 SCH  |p 1314870  |r 2026-01-13 00:00:00  |t 1  |w 2017-08-03  |y BK 
952 |0 0  |1 0  |4 0  |6 658_403000000000000_SCH  |7 0  |8 General  |9 38232  |a BC  |b BC  |c General  |d 2017-08-03  |l 0  |o 658.403 SCH  |p 1314869  |r 2026-01-13 00:00:00  |t 2  |w 2017-08-03  |y BK 
952 |0 0  |1 0  |4 0  |6 658_403000000000000_SCH  |7 0  |8 General  |9 38233  |a BC  |b BC  |c General  |d 2017-08-03  |l 0  |o 658.403 SCH  |p 1311431  |r 2026-01-13 00:00:00  |t 3  |w 2017-08-03  |y BK 
999 |c 19071  |d 19071